000 00544nam a22001817a 4500
005 20251108164012.0
008 250721s1999 xx 000 0 ara d
082 1 4 _a811.9564/سال
100 1 _aسالم، وجيه عبد الرحيم
245 1 0 _aأغاني الطفولة :
_bديوان شعر للأطفال /
264 1 _aالقدس :
_bمركز اوغاريت،
_c1999.
300 _a100ص
650 1 7 _aالشعر العربي
650 1 7 _aأدب الأطفال
650 1 7 _aالأغاني
942 _2ddc
_cBK
999 _c1162
_d1162